000 00293nam a2200109Ia 4500
008 200302s9999 xx 000 0 und d
100 _aManoj K. sharma
245 _aSocio Economic and Political Aspects of Energy Management
260 _bShubhi Publication
260 _c2010
300 _a308 P.,
999 _c3912
_d3912